| 000 | 00801nam a2200193 i 4500 | ||
|---|---|---|---|
| 001 | 46370 | ||
| 003 | ES-MaACL | ||
| 005 | 20250928145323.0 | ||
| 007 | t| | ||
| 008 | 030328s1896 sp ||||1| spa d | ||
| 100 | 1 |
_aConcas y Palau, Víctor. _940067 |
|
| 245 | 1 | 0 |
_aSesión extraordinaria celebrada en la Junta General el día 19 de mayo de 1896 en honor del secretario general que fue de la Sociedad, Martín Ferreiro y Peralta...: discurso a nombre de la Sociedad... / _cVíctor Mª Concas y Palau. |
| 260 |
_aMadrid : _b[s.n.], _c1896 ( _fFortanet) |
||
| 300 |
_a7 p., [1] h. de lám. ; _c25 cm. |
||
| 600 | 1 | 4 |
_aFerreiro, Martín, _d1830-1896 _950393 |
| 710 | 2 |
_aSociedad Geográfica de Madrid. _96775 |
|
| 852 |
_aES-MaACL _jT-814-F-11 _z- Enc. en un vol. facticio |
||
| 999 |
_c46370 _d46370 |
||